000 00670nam a2200205 a 4500
001 000020822
005 20240412074249.0
008 100818s2002 dr a 000 p spa d
040 _aDO-SdBNP
_bspa
_cBNPHU
082 _aRD861.44
_bS587d
100 1 _aSilverio, Rosa,
_d1978-
_920624
245 1 0 _aDe vuelta a casa /
_cRosa Silverio.
260 _aSanto Domingo :
_bCentenario,
_c2002.
300 _a49 p. :
_bil. ;
_c23 cm.
500 _aIncluye datos biográficos de la autora en la solapa de la cubierta
590 _aInventariado, 2019/MFF
650 0 _aPoesía dominicana
_966
650 0 _aLiteratura dominicana.
_967
910 _aValidado. Control de calidad MFF
999 _c20326
_d20326